Planetary co-ordinates for the years 1940-1960 (Record no. 398)

MARC details
000 -LEADER
fixed length control field 00652nam a2200193Ia 4500
003 - CONTROL NUMBER IDENTIFIER
control field IN-BaIIA
008 - FIXED-LENGTH DATA ELEMENTS--GENERAL INFORMATION
fixed length control field 211028s9999 xx 000 0 eng d
040 ## - CATALOGING SOURCE
Transcribing agency IIA Library
080 ## - UNIVERSAL DECIMAL CLASSIFICATION NUMBER
Universal Decimal Classification number 52(083)
Item number HMN
110 ## - MAIN ENTRY--CORPORATE NAME
Corporate name or jurisdiction name as entry element Her Majesty's Nautical Almanac Office
9 (RLIN) 902
245 #0 - TITLE STATEMENT
Title Planetary co-ordinates for the years 1940-1960
Remainder of title referred to the equinox of 1950
Statement of responsibility, etc. Nautical Almanac Office
260 ## - PUBLICATION, DISTRIBUTION, ETC.
Place of publication, distribution, etc. London
Name of publisher, distributor, etc. Her Majesty's Stationary Office
Date of publication, distribution, etc. 1939
300 ## - PHYSICAL DESCRIPTION
Extent xvi, 150p.
650 ## - SUBJECT ADDED ENTRY--TOPICAL TERM
Topical term or geographic name entry element Almanac ephements
9 (RLIN) 903
650 ## - SUBJECT ADDED ENTRY--TOPICAL TERM
Topical term or geographic name entry element Astronomy and Astrophysics Thesaurus
650 ## - SUBJECT ADDED ENTRY--TOPICAL TERM
Topical term or geographic name entry element Equinox
9 (RLIN) 904
650 ## - SUBJECT ADDED ENTRY--TOPICAL TERM
Topical term or geographic name entry element Planetary Tables
9 (RLIN) 905
942 ## - ADDED ENTRY ELEMENTS (KOHA)
Koha item type Books
Holdings
Withdrawn status Lost status Damaged status Not for loan Home library Current library Shelving location Date acquired Total Checkouts Full call number Barcode Date last seen Price effective from Koha item type
        IIA Library-Bangalore IIA Library-Bangalore General Stacks     52(083)/ HMN 392 05/11/2021   Books

Powered by Koha